[Event "Washington op 12th"]
[Site "Rockville"]
[Date "2025.08.09"]
[Round "2"]
[White "Li, Rachael"]
[Black "Erenburg, Sergey"]
[Result "1-0"]
[WhiteElo "2334"]
[BlackElo "2504"]
[PlyCount "87"]
[EventDate "2025.08.09"]
[EventType "swiss"]
[EventRounds "9"]
[EventCountry "USA"]
[SourceTitle "CB33_2025"]
[SourceDate "2025.08.13"]
[SourceVersion "1"]
[SourceVersionDate "2025.08.13"]
[SourceQuality "1"]

1. e4 c6 2. d4 d5 3. e5 Bf5 4. Nf3 e6 5. Be2 Ne7 6. 0-0 h6 7. c3 Nd7 8. Nbd2 Qc7 9. Nb3 g5 10. Be3 Bg7 11. h3 0-0-0 12. Nbd2 f6 13. exf6 Bxf6 14. b4 Rdg8 15. Nh2 Bg6 16. Ndf3 Nf5 17. Qd2 Nd6 18. Ng4 Ne4 19. Qe1 Bf5 20. Nfe5 Bxe5 21. Nxe5 h5 22. f3 Nd6 23. Qf2 g4 24. Bf4 gxh3 25. g3 Rh7 26. Kh2 Kb8 27. a4 Nxe5 28. Bxe5 Ka8 29. b5 Rc8 30. g4 hxg4 31. fxg4 Bc2 32. bxc6 Qxc6 33. Bb5 Nxb5 34. Qxc2 Qxc3 35. Qxh7 Qd2+ 36. Kxh3 Nc3 37. Rac1 a6 38. Rc2 Qe3+ 39. Kh4 Ka7 40. Rb1 Nxb1 41. Rxc8 Qe1+ 42. Kg5 a5 43. Bb8+ Kb6 44. Rc6+ 1-0

[Event "USA-ch U20 Girls"]
[Site "Saint Louis"]
[Date "2025.07.21"]
[Round "6"]
[White "Gaw, Chloe"]
[Black "Li, Rachael"]
[Result "0-1"]
[WhiteElo "2172"]
[BlackElo "2162"]
[PlyCount "138"]
[EventDate "2025.07.15"]
[EventType "tourn"]
[EventRounds "9"]
[EventCountry "USA"]
[SourceTitle "CB31_2025"]
[SourceDate "2025.07.30"]
[SourceVersion "1"]
[SourceVersionDate "2025.07.30"]
[SourceQuality "1"]

1. d4 Nf6 2. c4 g6 3. Nc3 Bg7 4. e4 d6 5. Be2 0-0 6. Nf3 e5 7. d5 Nbd7 8. h3 Nc5 9. Qc2 Nh5 10. Be3 Nf4 11. Bf1 f5 12. Nd2 Ncd3+ 13. Kd1 Nb4 14. Qb3 Nfd3 15. f3 Qh4 16. Bxd3 Nxd3 17. Kc2 Nf4 18. Rag1 Qe7 19. Kb1 h5 20. Qc2 g5 21. exf5 Bxf5 22. Nde4 h4 23. Ka1 c6 24. Qd2 c5 25. g3 Nxh3 26. Bxg5 Nxg5 27. Nxg5 hxg3 28. Rxg3 Rf6 29. Nce4 Rg6 30. a3 Bxe4 31. fxe4 Rf8 32. Qh2 Rxg5 33. Qh4 Bf6 34. Rhg1 Rf7 35. Rxg5+ Bxg5 36. Rxg5+ Rg7 37. Rxg7+ Qxg7 38. Qd8+ Qf8 39. Qg5+ Qg7 40. Qf5 Qf7 41. Qg4+ Kh7 42. Ka2 Kh6 43. Kb3 b6 44. Qh4+ Kg6 45. Qd8 Qf6 46. Qg8+ Qg7 47. Qc8 Kg5 48. Qf5+ Kh4 49. Ka4 a6 50. Qc8 Kg3 51. Qxa6 Qd7+ 52. Kb3 Qc7 53. Qa8 Kf4 54. Qc6 Qd8 55. Ka4 Kxe4 56. b4 Kd3 57. Kb5 e4 58. Qxb6 Qxb6+ 59. Kxb6 cxb4 60. axb4 Kxc4 61. b5 e3 62. Kc6 e2 63. b6 e1Q 64. Kxd6 Qb4+ 65. Kc7 Qc5+ 66. Kb7 Kxd5 67. Ka8 Kc6 68. b7 Qa5+ 69. Kb8 Qc7+ 0-1

[Event "Austin Spring IM"]
[Site "Austin"]
[Date "2025.06.13"]
[Round "4"]
[White "Li, Rachael"]
[Black "Petenyi, Tamas"]
[Result "1-0"]
[WhiteElo "2220"]
[BlackElo "2252"]
[PlyCount "87"]
[EventDate "2025.06.11"]
[EventType "tourn"]
[EventRounds "9"]
[EventCountry "USA"]
[SourceTitle "CB25_2025"]
[SourceDate "2025.06.18"]
[SourceVersion "1"]
[SourceVersionDate "2025.06.18"]
[SourceQuality "1"]

1. e4 c5 2. Nc3 d6 3. g3 Nc6 4. Bg2 g6 5. d3 Bg7 6. Be3 Nf6 7. h3 Nd7 8. Qd2 Nd4 9. Nd1 0-0 10. c3 Nc6 11. Ne2 Rb8 12. Bh6 Bxh6 13. Qxh6 Nde5 14. Qd2 c4 15. dxc4 Nxc4 16. Qc2 b5 17. b3 Nb6 18. Ne3 b4 19. c4 e5 20. Rd1 Qe7 21. 0-0 a5 22. Rd3 Nd7 23. Qd2 Nc5 24. Rxd6 Nd4 25. Rxd4 exd4 26. Qxd4 Bb7 27. Nd5 Bxd5 28. cxd5 f6 29. f4 Nd7 30. d6 Qg7 31. Qd5+ Kh8 32. Nd4 Rfe8 33. Rc1 Rbc8 34. Rc7 Rxc7 35. dxc7 Nf8 36. Nb5 Rc8 37. Qd8 Qd7 38. Nd6 Qxc7 39. Qxf6+ Kg8 40. Nxc8 Qxc8 41. Kh2 Qe6 42. Qd8 Qa6 43. e5 Qe2 44. e6 1-0

[Event "Austin Spring IM"]
[Site "Austin"]
[Date "2025.06.12"]
[Round "3"]
[White "Li, Rachael"]
[Black "Widjaja, Luke"]
[Result "1-0"]
[WhiteElo "2220"]
[BlackElo "2196"]
[PlyCount "105"]
[EventDate "2025.06.11"]
[EventType "tourn"]
[EventRounds "9"]
[EventCountry "USA"]
[SourceTitle "CB25_2025"]
[SourceDate "2025.06.18"]
[SourceVersion "1"]
[SourceVersionDate "2025.06.18"]
[SourceQuality "1"]

1. e4 e5 2. Nf3 Nc6 3. Bc4 Bc5 4. c3 Nf6 5. d3 d6 6. Nbd2 0-0 7. h3 a5 8. 0-0 Be6 9. Bb5 h6 10. Re1 Qb8 11. Nf1 Qa7 12. d4 exd4 13. Bxc6 dxc3 14. Ba4 Bxf2+ 15. Kh2 Bxe1 16. Qxe1 Qc5 17. bxc3 b5 18. Bc2 b4 19. Bd2 a4 20. Nd4 b3 21. axb3 axb3 22. Rxa8 Rxa8 23. Nxb3 Qe5+ 24. Ng3 h5 25. h4 Ng4+ 26. Kg1 c5 27. Nc1 Ra1 28. Bd1 Nf6 29. Kh2 Bg4 30. Bb3 Bd7 31. Bd1 Bg4 32. Bb3 Bd7 33. Bd1 d5 34. Nd3 Qb8 35. Bf4 Qb1 36. Nc1 dxe4 37. Nxh5 Ng4+ 38. Kg3 e3 39. Bxg4 Bxg4 40. Kxg4 Qxc1 41. Qxe3 Qd1+ 42. Qf3 Qd7+ 43. Kg3 Rd1 44. Kh2 Rd3 45. Qa8+ Kh7 46. Qe4+ f5 47. Qe5 Rd5 48. Qe2 Qd8 49. Bg5 Qd7 50. Nf4 Rd2 51. Qh5+ Kg8 52. Ng6 Rd3 53. Qh8+ 1-0

[Event "World op 52nd"]
[Site "Philadelphia"]
[Date "2024.07.07"]
[Round "9"]
[White "Tugstumur, Yesuntumur"]
[Black "Li, Rachael"]
[Result "1-0"]
[WhiteElo "2363"]
[BlackElo "2182"]
[PlyCount "149"]
[EventDate "2024.07.03"]
[EventType "swiss"]
[EventRounds "9"]
[EventCountry "USA"]
[SourceTitle "CBM 221 Extra"]
[Source "ChessBase"]
[SourceDate "2024.09.30"]
[SourceVersion "1"]
[SourceVersionDate "2024.09.30"]
[SourceQuality "1"]

1. d4 Nf6 2. c4 e6 3. Nf3 c5 4. g3 cxd4 5. Nxd4 d5 6. Nf3 Nc6 7. cxd5 exd5 8. Bg2 Bc5 9. 0-0 h6 10. Nc3 0-0 11. Bf4 b6 12. Ne5 Ne7 13. a3 Bb7 14. b4 Bd6 15. Nb5 Bb8 16. Nd3 a6 17. Nd4 Bxf4 18. Nxf4 Rc8 19. Rc1 Qd6 20. Bh3 Rc4 21. e3 Rd8 22. Re1 Ne4 23. Qe2 b5 24. Qb2 Bc8 25. Bf1 Rxc1 26. Rxc1 Bd7 27. Bg2 Rc8 28. Rxc8+ Bxc8 29. Qc2 Bb7 30. Nd3 Nc6 31. Nxc6 Bxc6 32. Qb2 Qc7 33. Qc2 Qd6 34. Nc1 Bd7 35. Nb3 Bf5 36. Nd4 Bg6 37. f3 Nf6 38. Qc6 Qe7 39. Kf2 Qa7 40. Bf1 Kh7 41. h4 Qb8 42. Bg2 Bd3 43. Qxa6 Nh5 44. f4 Nf6 45. Bf3 Qc7 46. Qc6 Qa7 47. Qc1 Qd7 48. Qd1 Be4 49. Kg2 Qa7 50. Qc1 Qa4 51. Kf2 h5 52. Be2 Qa7 53. Bxb5 Qe7 54. Qc5 Qd8 55. a4 Bg6 56. Kg2 Ne4 57. Qc6 Nd6 58. Qd7 Qf6 59. Be2 Be4+ 60. Kh2 Nf5 61. Qc6 Nd6 62. a5 Bg6 63. Qxd5 Qe7 64. f5 Qxe3 65. fxg6+ fxg6 66. Qxd6 Qf2+ 67. Kh3 Qe1 68. Bf3 Kh6 69. Qf4+ Kh7 70. Be4 Qxb4 71. Ne6 Qxa5 72. Qg5 Qxg5 73. Nxg5+ Kh6 74. Nf7+ Kh7 75. Kg2 1-0

[Event "Las Vegas National op"]
[Site "Las Vegas"]
[Date "2024.06.07"]
[Round "3"]
[White "Tin, Jingyao"]
[Black "Li, Rachael"]
[Result "1-0"]
[WhiteElo "2570"]
[BlackElo "2153"]
[PlyCount "71"]
[EventDate "2024.06.03"]
[EventType "swiss"]
[EventRounds "9"]
[EventCountry "USA"]
[SourceTitle "CBM 220 Extra"]
[Source "ChessBase"]
[SourceDate "2024.07.31"]
[SourceVersion "1"]
[SourceVersionDate "2024.07.31"]
[SourceQuality "1"]

1. d4 Nf6 2. c4 e6 3. Nc3 Bb4 4. e3 0-0 5. Bd3 d5 6. cxd5 exd5 7. a3 Bd6 8. Qc2 c6 9. Nge2 Nbd7 10. Bd2 Re8 11. 0-0 Ne4 12. Bxe4 dxe4 13. Nxe4 Bxh2+ 14. Kxh2 Qh4+ 15. Kg1 Qxe4 16. Qxe4 Rxe4 17. f3 Re8 18. Ng3 Nb6 19. e4 Rd8 20. Bc3 Be6 21. a4 Bb3 22. a5 Nc4 23. a6 b5 24. Nf5 Rd7 25. Bb4 Re8 26. Rfc1 g6 27. Ne7+ Rexe7 28. Bxe7 Rxe7 29. Rc3 Rd7 30. d5 c5 31. Rxb3 b4 32. Rc1 Na5 33. Re3 c4 34. Ra1 c3 35. Rxa5 cxb2 36. Rb3 1-0

[Event "Las Vegas 1000 GM IM-B"]
[Site "Las Vegas"]
[Date "2024.06.04"]
[Round "8"]
[White "Li, Rachael"]
[Black "Yanayt, Eugene"]
[Result "1/2-1/2"]
[WhiteElo "2176"]
[BlackElo "2115"]
[PlyCount "69"]
[EventDate "2024.05.31"]
[EventType "tourn"]
[EventRounds "9"]
[EventCountry "USA"]
[SourceTitle "CBM 220 Extra"]
[Source "ChessBase"]
[SourceDate "2024.07.31"]
[SourceVersion "1"]
[SourceVersionDate "2024.07.31"]
[SourceQuality "1"]

1. e4 c5 2. Nc3 g6 3. g3 Bg7 4. Bg2 Nc6 5. d3 e6 6. Be3 d6 7. Qd2 Rb8 8. Nge2 Nd4 9. 0-0 Ne7 10. Nd1 0-0 11. Nc1 b6 12. c3 Ndc6 13. Bh6 Bxh6 14. Qxh6 d5 15. exd5 exd5 16. Ne3 d4 17. Nc2 dxc3 18. bxc3 Bb7 19. Re1 Qd6 20. Qd2 Rfd8 21. d4 cxd4 22. cxd4 Nf5 23. Nb3 Nce7 24. Bxb7 Rxb7 25. Re4 Ng7 26. Rae1 Ne6 27. h4 Rbd7 28. Ne3 h5 29. Nc4 Qd5 30. Ne5 Rd6 31. Qe2 a5 32. Nc4 Rc6 33. Ne5 Rcd6 34. Nc4 Rc6 35. Ne5 1/2-1/2

[Event "Las Vegas 1000 GM IM-B"]
[Site "Las Vegas"]
[Date "2024.06.01"]
[Round "2"]
[White "Pancevski, Filip"]
[Black "Li, Rachael"]
[Result "1-0"]
[WhiteElo "2432"]
[BlackElo "2176"]
[PlyCount "99"]
[EventDate "2024.05.31"]
[EventType "tourn"]
[EventRounds "9"]
[EventCountry "USA"]
[SourceTitle "CBM 220 Extra"]
[Source "ChessBase"]
[SourceDate "2024.07.31"]
[SourceVersion "1"]
[SourceVersionDate "2024.07.31"]
[SourceQuality "1"]

1. e4 c5 2. d3 Nc6 3. f4 g6 4. Be2 Bg7 5. c3 d6 6. Be3 Nf6 7. Nd2 0-0 8. g4 b5 9. a3 Rb8 10. Nh3 a5 11. Nf2 b4 12. axb4 axb4 13. Qc1 Ne8 14. h4 Nc7 15. f5 Nb5 16. Nb1 Na5 17. Bd1 bxc3 18. bxc3 c4 19. h5 Nb3 20. Bxb3 cxb3 21. Ra4 Nxc3 22. Nxc3 b2 23. Qc2 Bxc3+ 24. Ke2 Bg7 25. Rb1 Qd7 26. hxg6 hxg6 27. Bd4 e5 28. Rxb2 Rxb2 29. Bxb2 d5 30. Ra5 Bb7 31. Qb3 dxe4 32. dxe4 Rb8 33. Ke1 Qc7 34. Rb5 gxf5 35. gxf5 Bf6 36. Qg3+ Kf8 37. Ba3+ Be7 38. Rxe5 Bxa3 39. Qxa3+ Kg7 40. Qg3+ Kh7 41. Qh2+ Kg8 42. Re8+ Rxe8 43. Qxc7 Bxe4 44. f6 Bg6+ 45. Kd2 Re6 46. Ng4 Re4 47. Qd8+ Kh7 48. Qf8 Rd4+ 49. Ke3 Rxg4 50. Qg7# 1-0

[Event "Las Vegas 1000 GM IM-B"]
[Site "Las Vegas"]
[Date "2024.05.31"]
[Round "1"]
[White "Li, Rachael"]
[Black "Mirzoev, Azer"]
[Result "0-1"]
[WhiteElo "2176"]
[BlackElo "2447"]
[PlyCount "100"]
[EventDate "2024.05.31"]
[EventType "tourn"]
[EventRounds "9"]
[EventCountry "USA"]
[SourceTitle "CBM 220 Extra"]
[Source "ChessBase"]
[SourceDate "2024.07.31"]
[SourceVersion "1"]
[SourceVersionDate "2024.07.31"]
[SourceQuality "1"]

1. e4 e5 2. Nf3 Nc6 3. Bc4 Bc5 4. c3 Nf6 5. d3 0-0 6. Bb3 d5 7. Nbd2 Be6 8. 0-0 a5 9. h3 h6 10. exd5 Bxd5 11. Qe2 Bxb3 12. Nxb3 Bd6 13. Re1 Re8 14. Be3 Nd5 15. Nc5 Bxc5 16. Bxc5 Nf4 17. Qe3 Qxd3 18. Rad1 Qg6 19. Nh4 Qg5 20. g3 Nxh3+ 21. Kh2 Nf4 22. Qf3 Qh5 23. Qxh5 Nxh5 24. Nf5 Nf6 25. f3 Kh7 26. Kg2 Rad8 27. Ne3 b6 28. Ba3 h5 29. b3 Kg6 30. Kf2 Rxd1 31. Rxd1 Rd8 32. Rxd8 Nxd8 33. Be7 Ne6 34. Nc4 Nd7 35. b4 axb4 36. cxb4 f6 37. b5 Kf7 38. Bb4 Nec5 39. Ke3 Ke6 40. Nb2 Kd5 41. a4 Nb3 42. Kd3 g5 43. Be1 Nd4 44. f4 Nc5+ 45. Ke3 exf4+ 46. gxf4 Nc2+ 47. Kd2 Nxe1 48. Kxe1 g4 49. a5 bxa5 50. b6 cxb6 0-1

[Event "PNWCC Online blitz JP 2nd"]
[Site "Chess.com INT"]
[Date "2020.03.21"]
[Round "8"]
[White "Can, Isik"]
[Black "Li, Rachael"]
[Result "1-0"]
[WhiteElo "2380"]
[BlackElo "1939"]
[PlyCount "105"]
[EventDate "2020.03.21"]
[EventType "swiss (blitz)"]
[EventRounds "11"]
[EventCountry "USA"]
[SourceTitle "CBM 195 Extra"]
[Source "ChessBase"]
[SourceDate "2020.05.31"]
[SourceVersion "1"]
[SourceVersionDate "2020.05.31"]
[SourceQuality "1"]

1. e4 c5 2. Nf3 d6 3. d4 cxd4 4. Nxd4 Nf6 5. Nc3 a6 6. Be3 e5 7. Nb3 Be6 8. h3 Be7 9. f4 exf4 10. Bxf4 Nc6 11. Qe2 0-0 12. 0-0-0 Qc7 13. g4 Ne5 14. Qg2 b5 15. Nd4 b4 16. Nd5 Bxd5 17. exd5 Rac8 18. Kb1 Nc4 19. Nc6 Nxd5 20. Nxe7+ Nxe7 21. Bxc4 Qxc4 22. Bxd6 Rfe8 23. Rhe1 Ng6 24. b3 Qc3 25. Rxe8+ Rxe8 26. Qd2 Qxh3 27. Qxb4 h6 28. Qa4 Re2 29. Qxa6 Qxg4 30. Qd3 h5 31. a4 h4 32. a5 Re3 33. Qd5 Qe2 34. a6 Qxa6 35. Bc5 Re8 36. Rh1 Ra8 37. Bd4 Qa2+ 38. Kc1 Rc8 39. Bb2 Qa7 40. Qf5 Qe3+ 41. Kb1 Qc5 42. Qd3 Nf4 43. Qd2 Ng6 44. Qg2 Kh7 45. Rxh4+ Kg8 46. Rh1 Qc6 47. Qh2 Qc5 48. Qh7+ Kf8 49. Qxg7+ Ke7 50. Re1+ Kd6 51. Qf6+ Kc7 52. Qxf7+ Kb8 53. Qxg6 1-0

[Event "PNWCC Online blitz JP 2nd"]
[Site "Chess.com INT"]
[Date "2020.03.21"]
[Round "5"]
[White "Chin, Spencer"]
[Black "Li, Rachael"]
[Result "0-1"]
[WhiteElo "1724"]
[BlackElo "1939"]
[PlyCount "112"]
[EventDate "2020.03.21"]
[EventType "swiss (blitz)"]
[EventRounds "11"]
[EventCountry "USA"]
[SourceTitle "CBM 195 Extra"]
[Source "ChessBase"]
[SourceDate "2020.05.31"]
[SourceVersion "1"]
[SourceVersionDate "2020.05.31"]
[SourceQuality "1"]

1. e4 c5 2. c3 e6 3. Nf3 Nc6 4. Be2 d5 5. exd5 exd5 6. d4 Nf6 7. 0-0 Be7 8. Be3 b6 9. Bb5 Bd7 10. Re1 0-0 11. Bxc6 Bxc6 12. Ne5 Bb7 13. Qf3 Ne4 14. Qg4 f5 15. Qe2 Bf6 16. Bf4 Re8 17. Nd2 g5 18. Nxe4 dxe4 19. Be3 f4 20. Bd2 Bxe5 21. dxe5 Rxe5 22. Rad1 Qf6 23. Bc1 Rf8 24. Qg4 Bc8 25. Qe2 g4 26. Kh1 Kh8 27. c4 f3 28. gxf3 gxf3 29. Qe3 Bh3 30. Rg1 Bg2+ 31. Rxg2 fxg2+ 32. Kxg2 Rg8+ 33. Kh1 Qg6 34. Qg3 Qf5 35. Qf4 Qxf4 36. Bxf4 Rf5 37. Bg3 Rf7 38. Be5+ Rfg7 39. Rg1 h5 40. Rxg7 Rxg7 41. Bxg7+ Kxg7 42. Kg2 Kg6 43. Kg3 Kg5 44. b3 h4+ 45. Kg2 Kg4 46. a3 h3+ 47. Kf1 Kf3 48. b4 a6 49. bxc5 bxc5 50. a4 a5 51. Kg1 Ke2 52. Kh1 Kf1 53. f4 e3 54. f5 e2 55. f6 e1R 56. f7 Kf2# 0-1

[Event "PNWCC Online blitz JP 2nd"]
[Site "Chess.com INT"]
[Date "2020.03.21"]
[Round "4"]
[White "Li, Rachael"]
[Black "Kiewra, Keaton F"]
[Result "0-1"]
[WhiteElo "1939"]
[BlackElo "2371"]
[PlyCount "64"]
[EventDate "2020.03.21"]
[EventType "swiss (blitz)"]
[EventRounds "11"]
[EventCountry "USA"]
[SourceTitle "CBM 195 Extra"]
[Source "ChessBase"]
[SourceDate "2020.05.31"]
[SourceVersion "1"]
[SourceVersionDate "2020.05.31"]
[SourceQuality "1"]

1. d4 d5 2. c4 e6 3. Nc3 Nf6 4. Nf3 c5 5. cxd5 Nxd5 6. e4 Nxc3 7. bxc3 cxd4 8. cxd4 Bb4+ 9. Bd2 Bxd2+ 10. Qxd2 0-0 11. Be2 b6 12. 0-0 Bb7 13. Qe3 Nd7 14. Rfd1 Nf6 15. Bd3 Rc8 16. Rac1 Rxc1 17. Rxc1 Qa8 18. Nd2 Rc8 19. Rxc8+ Qxc8 20. h3 h6 21. Nb3 Qc3 22. e5 Nd5 23. Qe4 g6 24. Qf3 Bc6 25. Qg3 Nb4 26. Be2 Qe1+ 27. Bf1 Bb5 28. Nd2 Bxf1 29. Nxf1 Nxa2 30. Qf4 Nc3 31. Qf6 Ne2+ 32. Kh2 Qxf1 0-1

[Event "Wch U10 Girls"]
[Site "Weifang"]
[Date "2019.08.23"]
[Round "3"]
[White "Li, Rachael"]
[Black "Kaliakhmet, Elnaz"]
[Result "1-0"]
[WhiteElo "1911"]
[BlackElo "1538"]
[PlyCount "131"]
[EventDate "2019.08.21"]
[EventType "swiss"]
[EventRounds "11"]
[EventCountry "CHN"]
[SourceTitle "EXT 2020"]
[Source "ChessBase"]
[SourceDate "2019.10.17"]
[SourceVersion "1"]
[SourceVersionDate "2019.10.17"]
[SourceQuality "1"]

1. e4 c5 2. Nc3 Nc6 3. g3 g6 4. Bg2 Bg7 5. d3 d6 6. Be3 Rb8 7. Qd2 b5 8. Nge2 b4 9. Nd1 Nd4 10. 0-0 e6 11. c3 bxc3 12. Ndxc3 Ne7 13. Rac1 0-0 14. b3 Ba6 15. Rfd1 Qd7 16. Bh6 Nec6 17. Bxg7 Kxg7 18. Nxd4 Nxd4 19. e5 Bb7 20. exd6 Qxd6 21. Ne4 Bxe4 22. dxe4 Rfd8 23. Kh1 Rbc8 24. Rc4 Rc7 25. Rdc1 Rdc8 26. b4 e5 27. Bh3 f5 28. exf5 gxf5 29. Rxc5 Rxc5 30. bxc5 Rxc5 31. Qg5+ Kh8 32. Rxc5 Qxc5 33. Qd8+ Kg7 34. Qd7+ Kg6 35. Bxf5+ Nxf5 36. Qe6+ Kg5 37. h4+ Kg4 38. Kg2 Qf8 39. f3+ Kh5 40. Kh3 Nxh4 41. Qg4+ Kh6 42. Qxh4+ Kg6 43. Qg4+ Kf6 44. Qd7 Qg7 45. Qd6+ Kf5 46. g4+ Kg5 47. Qd2+ Kf6 48. Kg3 h5 49. Qd8+ Ke6 50. Qe8+ Kd5 51. Qxh5 Kd4 52. Qf5 Kd5 53. f4 Qb7 54. Qxe5+ Kc4 55. Qe6+ Kd4 56. g5 Qh1 57. Qd7+ Kc4 58. Qxa7 Qe1+ 59. Qf2 Qc3+ 60. Kg4 Qg7 61. f5 Qd7 62. g6 Qd1+ 63. Kg5 Qc1+ 64. Qf4+ Qxf4+ 65. Kxf4 Kd5 66. g7 1-0

[Event "Wch U10 Girls"]
[Site "Weifang"]
[Date "2019.08.22"]
[Round "2"]
[White "Liu, Xinrui"]
[Black "Li, Rachael"]
[Result "0-1"]
[WhiteElo "1303"]
[BlackElo "1911"]
[PlyCount "86"]
[EventDate "2019.08.21"]
[EventType "swiss"]
[EventRounds "11"]
[EventCountry "CHN"]
[SourceTitle "EXT 2020"]
[Source "ChessBase"]
[SourceDate "2019.10.17"]
[SourceVersion "1"]
[SourceVersionDate "2019.10.17"]
[SourceQuality "1"]

1. d4 Nf6 2. Bf4 c5 3. e3 Qb6 4. b3 g6 5. Nf3 Bg7 6. Nc3 0-0 7. Be2 cxd4 8. exd4 d6 9. 0-0 Bf5 10. Bd3 Bxd3 11. Qxd3 Nc6 12. Rfe1 Rac8 13. Na4 Qc7 14. c3 Nd5 15. Bd2 a6 16. c4 Ndb4 17. Bxb4 Nxb4 18. Qd2 Nc6 19. Rac1 e5 20. dxe5 dxe5 21. Qe3 Rcd8 22. Rcd1 Rxd1 23. Rxd1 Rd8 24. Rxd8+ Qxd8 25. Qd2 Nd4 26. Nxd4 exd4 27. g3 Qe7 28. Kf1 Qe4 29. Kg1 h5 30. Nc5 Qc6 31. Na4 h4 32. Qd3 Qd6 33. Kg2 hxg3 34. hxg3 Qa3 35. Qd2 b5 36. cxb5 axb5 37. Nb6 Qd6 38. Qa5 d3 39. Qa8+ Kh7 40. Qd5 Qxb6 41. Qxd3 b4 42. Qc4 Qb7+ 43. Kg1 Bc3 0-1

[Event "USA-ch U20 Girls"]
[Site "Saint Louis"]
[Date "2019.07.12"]
[Round "2"]
[White "Yan, Rui Yang"]
[Black "Li, Rachael"]
[Result "1-0"]
[WhiteElo "1851"]
[BlackElo "1736"]
[PlyCount "131"]
[EventDate "2019.07.11"]
[EventType "tourn"]
[EventRounds "9"]
[EventCountry "USA"]
[SourceTitle "CBM 191 Extra"]
[Source "ChessBase"]
[SourceDate "2019.09.30"]
[SourceVersion "1"]
[SourceVersionDate "2019.09.30"]
[SourceQuality "1"]

1. e4 e5 2. Nf3 Nf6 3. Nxe5 d6 4. Nf3 Nxe4 5. Nc3 Nxc3 6. dxc3 Be7 7. Be3 Nc6 8. Bd3 Be6 9. Qe2 Qd7 10. 0-0-0 a6 11. Kb1 0-0-0 12. h3 Kb8 13. Rhe1 Bf6 14. Nd4 Nxd4 15. cxd4 d5 16. Qf3 Qa4 17. c3 Rd6 18. Bc2 Qb5 19. Qe2 Qxe2 20. Rxe2 Rd7 21. Rde1 Re7 22. Bf4 Rhe8 23. Kc1 h6 24. Be5 Bd7 25. Bd3 Bxe5 26. dxe5 c5 27. f4 h5 28. Kd2 Kc7 29. b4 b6 30. f5 d4 31. cxd4 cxd4 32. h4 Bc6 33. f6 gxf6 34. exf6 Rxe2+ 35. Rxe2 Rxe2+ 36. Bxe2 Bxg2 37. Bxh5 Kd6 38. Bxf7 Ke5 39. Bc4 Kxf6 40. Bxa6 Kg6 41. Be2 Bc6 42. Bd1 Kf5 43. a4 Bb7 44. h5 Bc6 45. a5 bxa5 46. bxa5 Bb7 47. Kd3 Ke5 48. h6 Bc6 49. Kc4 Kf6 50. Kxd4 Bb7 51. Bc2 Bc8 52. Kc5 Ba6 53. Kb6 Bc8 54. Bd3 Kf7 55. Kc7 Bh3 56. a6 Bg2 57. a7 Kg8 58. Bb5 Kh7 59. Bc6 Bh3 60. a8Q Kg6 61. Be4+ Kh5 62. h7 Kg5 63. h8Q Be6 64. Qe5+ Kg4 65. Bf3+ Kh3 66. Qah8# 1-0

[Event "Wch U08 Girls"]
[Site "Santiago de Compostela"]
[Date "2018.11.14"]
[Round "10"]
[White "Kuznecova, Marija"]
[Black "Li, Rachael"]
[Result "1-0"]
[WhiteElo "1263"]
[BlackElo "1519"]
[PlyCount "113"]
[EventDate "2018.11.04"]
[EventType "swiss"]
[EventRounds "11"]
[EventCountry "ESP"]
[SourceTitle "EXT 2022"]
[Source "ChessBase"]
[SourceDate "2021.10.06"]
[SourceVersion "1"]
[SourceVersionDate "2021.10.06"]
[SourceQuality "1"]

1. e4 c5 2. Nf3 d6 3. d4 cxd4 4. Nxd4 Nf6 5. Nc3 a6 6. f3 e6 7. Be3 Be7 8. Qd2 h5 9. Be2 Nbd7 10. 0-0-0 Qc7 11. Kb1 Ne5 12. f4 Nc4 13. Bxc4 Qxc4 14. e5 dxe5 15. fxe5 Nd5 16. Nxd5 Qxd5 17. Bg5 Qxe5 18. Bxe7 Kxe7 19. Qb4+ Ke8 20. Rhe1 Qf6 21. Qc5 Qe7 22. Nc6 bxc6 23. Qxc6+ Kf8 24. Qxa8 Qc7 25. Re3 Ke7 26. Rc3 Qb7 27. Qxb7+ Bxb7 28. Rc7+ Kf6 29. Rxb7 Kg6 30. Ra7 Rc8 31. Rxa6 Rc5 32. Rb6 Kg5 33. a4 Rc7 34. a5 e5 35. Rd5 Kf4 36. Kc1 f5 37. Kd2 e4 38. a6 Ra7 39. Ra5 h4 40. Rb7 Ra8 41. a7 Rd8+ 42. Ke2 Rc8 43. a8Q Rxa8 44. Rxa8 g5 45. c4 g4 46. c5 g3 47. h3 Ke5 48. c6 Kd4 49. c7 f4 50. c8Q f3+ 51. gxf3 exf3+ 52. Kxf3 g2 53. Rd7+ Ke5 54. Qe8+ Kf5 55. Rf7+ Kg5 56. Qg8+ Kh6 57. Rh7# 1-0

[Event "Wch U08 Girls"]
[Site "Santiago de Compostela"]
[Date "2018.11.13"]
[Round "9"]
[White "Li, Rachael"]
[Black "Zhumagali, Raian"]
[Result "1/2-1/2"]
[WhiteElo "1519"]
[BlackElo "1212"]
[PlyCount "61"]
[EventDate "2018.11.04"]
[EventType "swiss"]
[EventRounds "11"]
[EventCountry "ESP"]
[SourceTitle "EXT 2022"]
[Source "ChessBase"]
[SourceDate "2021.10.06"]
[SourceVersion "1"]
[SourceVersionDate "2021.10.06"]
[SourceQuality "1"]

1. e4 e6 2. d4 d5 3. exd5 exd5 4. Nf3 Nc6 5. c3 h6 6. Bd3 Bd6 7. 0-0 Nf6 8. Re1+ Ne7 9. Nbd2 0-0 10. Ne5 c6 11. f4 Bf5 12. Bxf5 Nxf5 13. g4 Ne7 14. g5 hxg5 15. fxg5 Nh7 16. Qh5 g6 17. Qg4 Qc8 18. Qxc8 Raxc8 19. Ndf3 Nf5 20. Bd2 Rfe8 21. Re2 c5 22. Rae1 b6 23. Kf2 Nf8 24. Ng4 Rxe2+ 25. Rxe2 Ne6 26. Nf6+ Kg7 27. Ke1 cxd4 28. Nxd4 Nexd4 29. cxd4 Bb8 30. Nxd5 Rd8 31. Ne7 1/2-1/2